000 00484nam a22001697a 4500
005 20251108173040.0
008 250721s1989 xx 000 0 ara d
082 1 4 _a347/مرق
100 1 _aمرقس، سليمان
245 1 0 _aالوافي في شرح القانون المدني /
264 1 _aبيروت :
_bمكتبة صادر،
_c1989.
300 _aمج
650 1 7 _aالقانون المدني
650 1 7 _aالإلتزامات
942 _2ddc
_cBK
999 _c94881
_d94881